Google-Jahresrückblick 2024 (Allgemein) - Statistiken

Allgemein
  • Dieses Quiz wurde 67 mal gespielt
  • Das Durchschnittsergebnis liegt bei 16 aus 40
Antwortstatistiken
# Hinweis Begriff / Person % Korrekt
Allgemein 1 Fand dieses Jahr in Deutschland statt, Spanien gewann seinen vierten Titel Fußball-EM
89%
Allgemein 4 Als "Kaiser" bekannter Fußballspieler und -trainer, der zwei Fußball-WMs und eine Fußball-EM gewann, sowie sechsmal Deutscher Meister wurde Franz Beckenbauer
79%
Abschiede 1 Als "Kaiser" bekannter Fußballspieler und -trainer, der zwei Fußball-WMs und eine Fußball-EM gewann, sowie sechsmal Deutscher Meister wurde Franz Beckenbauer
79%
Allgemein 6 Internationales Sportereignis, dessen Eröffnungsfeier mehrere Kontroversen auslöste Olympia
77%
Allgemein 7 Moderator und Entertainer, der nach fast neun Jahren Pause ins Fernsehen zurückkehrte Stefan Raab
73%
Persönlichkeiten 1 Moderator und Entertainer, der nach fast neun Jahren Pause ins Fernsehen zurückkehrte Stefan Raab
73%
Persönlichkeiten 4 Präsidentschaftskandidat der Republikaner und zukünftiger US-Präsident Donald Trump
71%
Schlagzeilen 4 Trendige, mit Kadaifi und Pistazien gefüllte Luxus-Schokolade aus den VAE Dubai-Schokolade
70%
Allgemein 2 Fand dieses Jahr in Deutschland statt, Frankreich gewann seinen vierten Titel (Männer) / Fand dieses Jahr in Österreich, der Schweiz und Ungarn statt (Frauen) Handball-EM
64%
Schlagzeilen 10 Regierende Koalition in Deutschland, die sich am 7. November auflöste Ampel
63%
Persönlichkeiten 3 US-Präsident in diesem Jahr und bis Juli Präsidentschaftskandidat der Demokraten Joe Biden
57%
Persönlichkeiten 2 Präsidentschaftskandidatin der Demokraten ab Juli Kamala Harris
55%
Schlagzeilen 5 Land, das 2024 Luftangriffe auf Nachbarstaaten und auf Israel durchführte Iran
52%
Allgemein 3 Die Republikaner gewannen hier mit 58% der Stimmen gegen die Demokraten US-Wahl
52%
Schlagzeilen 1 Die Republikaner gewannen hier mit 58% der Stimmen gegen die Demokraten US-Wahl
52%
Allgemein 10 Ehemaliges Mitglied der Boyband "One Direction", der ihm Oktober von einem Balkon stürzte Liam Payne
46%
Abschiede 2 Ehemaliges Mitglied der Boyband "One Direction", der ihm Oktober von einem Balkon stürzte Liam Payne
46%
Persönlichkeiten 9 Nach dieser Sängerin wurde kurzzeitig eine ganze Stadt "umbenannt" Taylor Swift
43%
Persönlichkeiten 8 Fußballspieler, der 2024 seine Karriere im Vereinsfußball und in der deutschen Nationalmannschaft beendete Toni Kroos
41%
Persönlichkeiten 5 Rennfahrer, der sich als homosexuell outete Ralf Schumacher
39%
Abschiede 3 Aktivist und Politiker, der Anfang des Jahres in einem russischen Gefängnis starb (vermutlich wurde er von der Regierung ermordet) Alexei Nawalny
34%
Persönlichkeiten 6 Sänger und DSDS-Juror, der Vater eines Sohnes wurde Pietro Lombardi
34%
Persönlichkeiten 10 Fußballspieler, der für seine Liebe zu Maultaschen bekannt wurde Jamal Musiala
29%
Abschiede 6 Fußballspieler und -trainer, der in der WM 1990 den deutschen Siegtreffer erzielte Andreas Brehme
27%
Allgemein 9 Stadt, in der mehrere Menschen am 23. August bei einer islamistischen Messerattacke getötet bzw. verletzt wurden Solingen
25%
Schlagzeilen 2 Stadt, in der mehrere Menschen am 23. August bei einer islamistischen Messerattacke getötet bzw. verletzt wurden Solingen
25%
Schlagzeilen 3 Großangelegte Demonstrationen im Januar und Februar gegen die Streichung von Subventionen durch das Kabinett Scholz Bauernproteste
23%
Allgemein 5 Konservative und rechte Parteien konnten Sitze hinzugewinnen, während Renew und Grüne/EFA stark verloren Europäische Union Wahlergebnisse
21%
Schlagzeilen 8 Naturkatastrophe, die für einen Schaden von 2-3 Mrd. Euro und den Ausruf des Katastrophenfalls in drei bayrischen Städten sorgte Überschwemmungen in Süddeutschland
18%
Schlagzeilen 6 Dadurch fielen im Frühjahr viele Züge aus Bahnstreik
16%
Abschiede 8 Schauspieler im Antikriegsfilm "Die Brücke", sowie in den Serien "Derrick" und "Um Himmels Willen" Fritz Wepper
14%
Abschiede 4 Ballermann-Sänger, wurde durch sein Mitwirken in "Berlin - Tag und Nacht" bekannt Falko Ochsenknecht
13%
Persönlichkeiten 7 Ehemaliges Erotikmodel und Ex-Frau von #5, die das Dschungelcamp bereits nach drei Tagen auf eigenem Wunsch verließ Cora Schumacher
11%
Abschiede 9 Schauspieler in "Rocco und seine Brüder", "Der Clan der Sizilianer" und "Asterix bei den Olympischen Spielen" Alain Delon
9%
Abschiede 7 Im Januar bei einem Flugzeugabsturz verstorbener Hauptdarsteller von "Alarm für Cobra 11 - Die Autobahnpolizei" Christian Oliver
7%
Abschiede 10 Fußballtrainer, der über 30 Jahre verschiedene deutsche und europäische Top-Mannschaften, sowie die rumänische Nationalmannschaft trainierte Christoph Daum
7%
Schlagzeilen 7 Wetterphänomen, das 2024 ungewöhnlich häufig auftrat Polarlichter Deutschland
5%
Abschiede 5 Schauspielerin aus der Serie "Charmed - Zauberhafte Hexen", die im Juli an den Folgen von Brustkrebs starb Shannen Doherty
5%
Allgemein 8 Schießsport-Ereignis für Menschen mit körperlicher Behinderung, bei dem China drei und die USA zwei Goldmedaillen gewinnen konnten Bogenschießen Paralympics
4%
Schlagzeilen 9 Kinderkrankheit, die sich im Sommer ausbreitete Ringelröteln
4%
Keine übereinstimmenden Quizze gefunden
Verteilung der Resultate
Anzahl Personen mit jedem Resultat
Perzentil nach korrekt beantworteten Fragen
Ihre Resultats-Entwicklung
Sie haben dieses Quiz noch nicht gespielt